Народы России - Statistics

General Stats
  • This quiz has been taken 6 179 times
  • The average score is 28 of 88
Answer Stats
Answer % Correct
Русские
93%
Украинцы
87%
Татары
85%
Казахи
79%
Узбеки
73%
Узбеки
73%
Чеченцы
72%
Таджики
70%
Китайцы
69%
Армяне
66%
Немцы
66%
Башкиры
63%
Белорусы
63%
Якуты
63%
Грузины
62%
Азербайджанцы
59%
Киргизы
57%
Буряты
56%
Корейцы
55%
Поляки
55%
Турки
53%
Эстонцы
53%
Чуваши
50%
Евреи
50%
Литовцы
47%
Ненцы
45%
Туркмены
45%
Осетины
44%
Чукчи
42%
Удмурты
41%
Калмыки
41%
Калмыки
41%
Ингуши
40%
Финны
38%
Кабардинцы
35%
Латыши
35%
Мордва
34%
Коми
34%
Карелы
33%
Марийцы
32%
Цыгане
32%
Греки
30%
Черкесы
30%
Аварцы
29%
Ханты
29%
Адыгейцы
28%
Болгары
28%
Арабы
28%
Лезгины
26%
Манси
26%
Балкарцы
25%
Алтайцы
25%
Хакасы
22%
Карачаевцы
21%
Казаки
20%
Абхазы
20%
Даргинцы
19%
Молдаване
19%
Эвенки
18%
Кумыки
16%
Ногайцы
13%
Курды
12%
Вьетнамцы
11%
Коряки
9%
Коми-пермяки
8%
Эвены
8%
Нанайцы
8%
Табасараны
6%
Гагаузы
6%
Вепсы
6%
Поморы
6%
Абазины
5%
Ассирийцы
5%
Долганы
5%
Езиды
4%
Рутульцы
4%
Шорцы
4%
Мордва-эрзя
3%
Агулы
3%
Цахуры
3%
Сибирские татары
3%
Мордва-мокша
3%
Кряшены
2%
Горные марийцы
2%
Андийцы
2%
Дидойцы
2%
Нагайбаки
2%
Лугово-восточные марийцы
1%
No matching quizzes found
Score Distribution
Percent of People with Each Score
Percentile by Number Answered
Your Score History
You have not taken this quiz